Flags of Countries That Border Poland - Statistics

General Stats
  • This quiz has been taken 2,777 times
  • The average score is 7 of 7
Answer Stats
Flag Country % Correct
Germany
100%
Czech Republic
97%
Russia
96%
Ukraine
96%
Slovakia
95%
Belarus
93%
Lithuania
92%
No matching quizzes found
Score Distribution
Percent of People with Each Score
Percentile by Number Answered
Your Score History
You have not taken this quiz